000 00503nam a2200193 a 4500
005 20230602063716.0
008 991125s1974 mx 000 0 spa u
035 _aUPN01000057531
049 _aCG
050 4 _aPQ7297 S24
_bT7
100 1 _aSegovia, Tomás,
_d1927-2011
_936803
245 1 0 _aTrizadero /
_cpor Tomás Segovia
260 _aMéxico :
_bFCE,
_c1974
300 _a236 p
440 0 _aLetras mexicanas;
_v113
650 4 _aNovela mexicana
_94557
904 _aAC
_b057534
905 _aLibro
999 _c57531
_d57531